| 000 | 00442nam a2200097Ia 4500 | ||
|---|---|---|---|
| 008 | 180130s9999 xx 000 0 und d | ||
| 245 |
_cDalton, James; Murti, Radhika; Chandra, Alvin _aUtilizing integrated water resources management approaches to support disaster risk reduction |
||
| 260 | _c2013 | ||
| 300 | _aBook title: The role of ecosystems in disaster risk reduction--Acession number C17927; pages 248-269 | ||
| 650 | _aECOSYSTEM MANAGEMENT | ||
| 999 |
_c354554 _d354554 |
||